00875 2200277 4500001002100000005001700021008004100038035002400079082001200103090002200115100002100137245018400158250001100342260003100353300002400384440002500408650003200433700002400465700001900489700002100508850001600529980001600545985000600561999001500567999001500582YOGYA-0209000006792720090227092024.0 ind  0010-020900000067927 a297.215 a297.215bAmr BlK aAL-AMRUS'I, Faid aBilal bin Robah dan ammar bin Yasirbpemuda yang sabar terhadap penderitaancFaid Al-Amrus'i ; penerjemah Abdulkadir Mahdamy ; penyunting Ida Rahmawati ; ilustrasi Misbah El-Munir aCet. 1 aSolobTiga Serangkaic1994 a39 hlmbilusc25 cm aBersama sahabat nabi aNabi Muhammad SAW - Sahabat aMahdamy, Abdulkadir aRahmawati, Ida aEl-Munir, Misbah aYOPDYOG JSC a10-001-2009 a1 a95P0063686 a97P0090531